<?xml version="1.0" encoding="UTF-8"?>
<record
    xmlns:xsi="http://www.w3.org/2001/XMLSchema-instance"
    xsi:schemaLocation="http://www.loc.gov/MARC21/slim http://www.loc.gov/standards/marcxml/schema/MARC21slim.xsd"
    xmlns="http://www.loc.gov/MARC21/slim">

  <leader>01939nam a2200301 u 4500</leader>
  <controlfield tag="001">1394977</controlfield>
  <controlfield tag="005">20260508085623.0</controlfield>
  <controlfield tag="008">141210e19991210                    spa  </controlfield>
  <datafield tag="035" ind1=" " ind2=" ">
    <subfield code="a">1394977</subfield>
  </datafield>
  <datafield tag="040" ind1=" " ind2=" ">
    <subfield code="c">comduadb</subfield>
  </datafield>
  <datafield tag="041" ind1=" " ind2=" ">
    <subfield code="a">spa</subfield>
  </datafield>
  <datafield tag="082" ind1=" " ind2="4">
    <subfield code="a">362</subfield>
  </datafield>
  <datafield tag="100" ind1="1" ind2="0">
    <subfield code="a">D&#xED;az Chalarca, Flor Mar&#xED;a</subfield>
    <subfield code="4">aut</subfield>
    <subfield code="e">aut</subfield>
    <subfield code="9">267160</subfield>
  </datafield>
  <datafield tag="245" ind1="1" ind2="0">
    <subfield code="a">Buen trato a los ni&#xF1;os y a las ni&#xF1;as : un aporte a la paz y a los derechos humanos en Urab&#xE1;. Proyecto "Educaci&#xF3;n Comunitaria para la Prevenci&#xF3;n y la Atenci&#xF3;n del Maltrato Infantil en Urab&#xE1;"</subfield>
  </datafield>
  <datafield tag="260" ind1=" " ind2=" ">
    <subfield code="a">Medell&#xED;n :</subfield>
    <subfield code="b">Cerfami,</subfield>
    <subfield code="c">1999.</subfield>
  </datafield>
  <datafield tag="300" ind1=" " ind2=" ">
    <subfield code="a">32 p&#xE1;ginas :</subfield>
    <subfield code="b">ilustraciones</subfield>
  </datafield>
  <datafield tag="520" ind1="3" ind2=" ">
    <subfield code="a">La presente cartilla hace parte del material pedag&#xF3;gico del subproyecto "Educaci&#xF3;n Comunitaria para la Prevenci&#xF3;n y Atenci&#xF3;n del Maltrato Infantil en Urab&#xE1;". Con ella se propone aportar elementos que contribuyan a promover el buen trato a los ni&#xF1;os y ni&#xF1;as y a generar conciencia en torno a los graves efectos que puede tener el maltrato infantil en quienes lo padecen, en la familia y en la sociedad. Se pretende tambi&#xE9;n motivar la b&#xFA;squeda de alternativas colectivas, desde la perspectiva de los derechos humanos de los ni&#xF1;os y las ni&#xF1;as, orientadas a la reducci&#xF3;n de este flagelo. Este material contiene bases te&#xF3;ricas y fragmentos de obras de la literatura universal que agregan elementos a la reflexi&#xF3;n respecto a los contenidos desarrollados.</subfield>
  </datafield>
  <datafield tag="650" ind1=" " ind2=" ">
    <subfield code="a">Maltrato infantil - Prevenci&#xF3;n</subfield>
    <subfield code="9">181842</subfield>
  </datafield>
  <datafield tag="650" ind1=" " ind2="7">
    <subfield code="a">Abuso del ni&#xF1;o</subfield>
    <subfield code="x">Aspectos psicol&#xF3;gicos</subfield>
    <subfield code="2">lemb</subfield>
    <subfield code="9">47826</subfield>
  </datafield>
  <datafield tag="650" ind1=" " ind2="7">
    <subfield code="a">Violencia familiar</subfield>
    <subfield code="z">Colombia</subfield>
    <subfield code="2">lemb</subfield>
    <subfield code="9">148831</subfield>
  </datafield>
  <datafield tag="650" ind1=" " ind2=" ">
    <subfield code="a">Violencia familiar - Prevencion y control</subfield>
    <subfield code="9">184406</subfield>
  </datafield>
  <datafield tag="650" ind1=" " ind2="7">
    <subfield code="a">Derechos del ni&#xF1;o</subfield>
    <subfield code="z">Colombia</subfield>
    <subfield code="2">armarc</subfield>
    <subfield code="9">11843</subfield>
  </datafield>
  <datafield tag="650" ind1=" " ind2="7">
    <subfield code="a">Abuso del ni&#xF1;o</subfield>
    <subfield code="2">lemb</subfield>
    <subfield code="9">222725</subfield>
  </datafield>
  <datafield tag="650" ind1=" " ind2="7">
    <subfield code="a">Delitos sexuales</subfield>
    <subfield code="2">lemb</subfield>
    <subfield code="9">141</subfield>
  </datafield>
  <datafield tag="700" ind1="1" ind2="0">
    <subfield code="a">Posada Gonzalez, Carmen</subfield>
    <subfield code="4">rev</subfield>
    <subfield code="e">rev</subfield>
    <subfield code="9">473240</subfield>
  </datafield>
  <datafield tag="700" ind1="1" ind2="0">
    <subfield code="a">Tob&#xF3;n Camacho, Diego Alberto</subfield>
    <subfield code="4">ill</subfield>
    <subfield code="e">ill</subfield>
    <subfield code="9">718971</subfield>
  </datafield>
  <datafield tag="942" ind1=" " ind2=" ">
    <subfield code="c">BOOK</subfield>
  </datafield>
  <datafield tag="999" ind1=" " ind2=" ">
    <subfield code="c">696515</subfield>
    <subfield code="d">696515</subfield>
  </datafield>
  <datafield tag="952" ind1=" " ind2=" ">
    <subfield code="0">0</subfield>
    <subfield code="1">0</subfield>
    <subfield code="4">0</subfield>
    <subfield code="7">0</subfield>
    <subfield code="8">GENERAL</subfield>
    <subfield code="a">SCDM</subfield>
    <subfield code="b">SCDM</subfield>
    <subfield code="d">2014-12-10</subfield>
    <subfield code="e">Material adquirido por donaci&#xF3;n</subfield>
    <subfield code="i">C1218962</subfield>
    <subfield code="l">0</subfield>
    <subfield code="o">362.76 D542</subfield>
    <subfield code="p">0995984</subfield>
    <subfield code="r">2023-05-03 00:00:00</subfield>
    <subfield code="t">1</subfield>
    <subfield code="w">2023-05-03</subfield>
    <subfield code="y">BOOK</subfield>
  </datafield>
</record>
